Регионална библиотека "Любен Каравелов" - Русе

Химия (Запис номер 483935)

MARC детайли
000 -Лидер
Контролно поле с фиксирана дължина nam a22 a 4500
003 - Код на организацията, давaща контролен номер
Контролно поле BLK
005 - Дата и час на последна редакция
Контролно поле 20221205110516.0
008 - Елементи от данни с фиксирана дължина
fixed length control field 221005b bul|||||r ||||||| ||bul||
040 ## - Източник на каталожния запис
Идентификатор на билиотеката - собственик на записа BLK
041 ## - Код за език
Код за езика на текст/звукозапис или на отделно заглавие Руски
Код за езика КДБФ Руски
080 ## - УДК
Текстов определител УДК Органична химия
УДК код - определител по УДК 547
УДК определител (075.3)
УДК - код + определител 547(075.3)
100 1# - Редна дума - Автор
Автор Грекова, Бота Минчева
Авторска отговорност първи автор
R(LIN) 55952
139 ## - Редно поле
Редна дума Грекова, Бота М. и др.
245 10 - Сведения за заглавието
Заглавие Химия
Подзаглавни данни Учебник для X кл. общеобраз. трудовой политехн. школы с преподаванием на рус. яз
Редно поле (дума) Бота М. Грекова, Венцеслав Г. Нанов, Донка Г. Такова ; прев. от бълг. Евгения Жедрина.
250 ## - Област на изданието
Сведения за изданието 2. изд.
257 ## - Страна на издаване
Страна на създаване/издаване България
260 ## - Област на издателските данни
Място на издаване, разпространение и проч. София
Име на издателя, разпространителя и проч. Нар. просв.
Година на издаване 1980
Печатница (Хасково : Ат. Стратиев)
300 ## - Физическа характеристика
Страници 232 с.
Илюстрации и др. с ил. и портр.
Размери/Мащаб 22 см
380 ## - Жанр
Жанр Естествени науки. Математика
500 ## - Общи забележки
Забележка Ориг. загл. Химия. - Авт. не са отбелязани на кор. - 1. изд. 1975. - 3 083 тир.
650 #0 - Допълнително описание по предмет – тема
Основно описание – тема или топоним Химия - учебници за средни училища
9 (RLIN) 245457
650 #0 - Допълнително описание по предмет – тема
Основно описание – тема или топоним Органична химия - учебници
9 (RLIN) 303822
653 ## - Ключова дума – ненормативна
Ключова дума учебници за средни училища
653 ## - Ключова дума – ненормативна
Ключова дума Х кл.
700 ## - Други автори (авторска отговорност)
Лично име Нанов, Венцеслав Георгиев
Автороска отговорност (Описва отношението между автора и произведението) съавт.
9 (RLIN) 479028
700 ## - Други автори (авторска отговорност)
Лично име Такова, Донка Г.
Автороска отговорност (Описва отношението между автора и произведението) съавт.
9 (RLIN) 481467
700 ## - Други автори (авторска отговорност)
Лично име Жедрина, Евгения
Автороска отговорност (Описва отношението между автора и произведението) прев. от бълг.
9 (RLIN) 1040
852 ## - Местоположение
Форматна сигнатура Цб 104002
Фондова буква Хранилище
856 ## - Електронен адрес и достъп
Инструкция (цена за достъп) 0.00
Права за достъп disable
999 ## - СИСТЕМНИ КОНТРОЛНИ НОМЕРА
Koha biblionumber 483935
Koha biblioitemnumber 483935
942 ## - АРТИКУЛИ
Вид на библиотечния материал Книги
Скрит в OPAC Не
Периодичен библиозапис Да
944 ## - СЪЗДАВАНЕ И РЕДАКЦИЯ на ЗАПИСА
Създаване/Редакция Създаване
Дата на регистрацията/редакция 2022-12-05
Служител, извършил регистрацията/редакцията Ренета Константинова
Наличности
Код за отписване Код за изгубен артикул Източник на класификационната схема Код за повреда Коз за рестрикции Код за отдаване Артикулен № Име на библиотеката - собственик Име на библиотеката, в която се намира в момента Статус (Текущо местоположение) Дата на вписване в системата Местоположение - отдел Цена в лева Инвентарен номер Систематично азбучна сигнатура Баркод Цена в евро Служебен тип на артикула
  Не е изгубен Universal Decimal Classification Не е повреден само за читалня ползва се в читалня 915794 Регионална библиотека "Любен Каравелов" Русе Регионална библиотека "Любен Каравелов" Русе Хранилище 2022-12-06 Хранилище 0.87 306801 Цб 104002 120000306801 0.44 Книги
Vip Innovations Ltd, Rousse, Bulgaria 2025